[Event "Hallstahammar op"]
[Site "Hallstahammar"]
[Date "2004.09.12"]
[Round "7"]
[White "Ong, Kevin"]
[Black "Isetoft, Magnus"]
[Result "1-0"]
[WhiteElo "2032"]
[BlackElo "1681"]
[PlyCount "61"]
[EventDate "2004.09.10"]
[EventType "swiss"]
[EventRounds "8"]
[EventCountry "SWE"]
[SourceTitle "EXT 2005"]
[Source "ChessBase"]
[SourceDate "2004.11.15"]
[SourceVersion "1"]
[SourceVersionDate "2004.11.15"]
[SourceQuality "1"]

1. e4 e6 2. d3 c5 3. Nf3 Nc6 4. Nbd2 d5 5. g3 Nf6 6. Bg2 Be7 7. 0-0 0-0 8. Re1 Qc7 9. e5 Nd7 10. Qe2 b6 11. Nf1 Bb7 12. Bf4 Rac8 13. h4 d4 14. N1h2 Nb4 15. Ng4 Nd5 16. Bg5 Rfd8 17. Qd2 Nf8 18. Bxe7 Qxe7 19. Ng5 b5 20. Ne4 Rc7 21. h5 Nb4 22. a4 Bxe4 23. Bxe4 c4 24. axb5 c3 25. bxc3 Rxc3 26. Ra4 Qc5 27. Rb1 Nxc2 28. Qg5 Re8 29. Nf6+ Kh8 30. Nxe8 g6 31. Qf6+ 1-0